00289nam a2200121Ia 4500008004100000082001600041100001900057245003500076250000800111260002400119300000800143650001600151150301s2013 xx 000 0 und d a616.5bI13P aPASRICHA, J.S. aILLUSTRATED TB. OF DERMATOLOGY a4TH bJAYPEEaDELHIc2013 a191 aDERMATOLOGY